[Event "78th ch-ESP 2013"]
[Site "Linares ESP"]
[Date "2013.09.02"]
[Round "5.6"]
[White "Arizmendi Martinez, Julen Luis"]
[Black "Nicolas Zapata, Irene"]
[Result "1-0"]
[WhiteElo "2577"]
[BlackElo "2253"]
[PlyCount "111"]
[EventDate "2013.08.29"]

1. d4 Nf6 2. c4 e6 3. Nc3 Bb4 4. e3 O-O 5. Bd3 d5 6. Nf3 c5 7. O-O b6 8. cxd5
exd5 9. a3 Bxc3 10. bxc3 Ba6 11. Bxa6 Nxa6 12. Qe2 Nc7 13. dxc5 bxc5 14. c4
dxc4 15. Qxc4 Qd5 16. Qc2 Ne6 17. Bb2 Qe4 18. Rfc1 Qxc2 19. Rxc2 Ne4 20. Kf1
Rfd8 21. Ke2 f6 22. Nd2 Nxd2 23. Rxd2 Rxd2+ 24. Kxd2 Kf7 25. Bc3 Ke7 26. Rb1
Rd8+ 27. Kc2 Kd6 28. Ba5 Rd7 29. Rb8 Kc6 30. Re8 Ng5 31. a4 Kd5 32. f3 Nf7 33.
Kc3 Nd6 34. e4+ Kc6 35. Ra8 Kb7 36. Rd8 Rxd8 37. Bxd8 Nc8 38. Kb3 Kc6 39. Ba5
Nd6 40. Bc3 h5 41. Kc2 Nf7 42. h4 Ne5 43. Bxe5 fxe5 44. Kc3 Kc7 45. Kc4 Kc6 46.
Kc3 Kc7 47. Kc4 Kc6 48. g3 g6 49. f4 exf4 50. gxf4 Kd6 51. Kb5 a6+ 52. Kc4 Kc6
53. Kc3 Kd6 54. Kd3 Kc6 55. Kc4 Kd6 56. a5 1-0

[Event "78th ch-ESP 2013"]
[Site "Linares ESP"]
[Date "2013.09.02"]
[Round "5.8"]
[White "Torres Ventosa, Pedro Eugenio"]
[Black "Narciso Dublan, Marc"]
[Result "1-0"]
[WhiteElo "2317"]
[BlackElo "2505"]
[PlyCount "81"]
[EventDate "2013.08.29"]

1. e4 d6 2. d4 Nf6 3. Nc3 g6 4. Nf3 Bg7 5. h3 O-O 6. Be3 c6 7. a4 Nbd7 8. a5
Qc7 9. Qd2 Rb8 10. Bh6 b5 11. axb6 axb6 12. Bxg7 Kxg7 13. Bd3 e5 14. dxe5 dxe5
15. Ne2 Nc5 16. Ng3 Re8 17. O-O h6 18. Qc3 Bb7 19. Nh4 Qd8 20. Rad1 Nfd7 21.
Nhf5+ gxf5 22. Nxf5+ Kf8 23. Bc4 Qg5 24. f4 Qg6 25. Rd6 f6 26. fxe5 Rxe5 27.
Ng3 Rbe8 28. b4 Na4 29. Qe3 Bc8 30. Bb3 b5 31. Rxc6 Rg5 32. Qd4 Rxg3 33. Rfxf6+
Qxf6 34. Rxf6+ Ke7 35. Re6+ Kd8 36. Rxe8+ Kxe8 37. Qh8+ Ke7 38. Qxc8 Rg6 39.
Qh8 Rd6 40. e5 Rd1+ 41. Kh2 1-0

[Event "78th ch-ESP 2013"]
[Site "Linares ESP"]
[Date "2013.09.02"]
[Round "5.10"]
[White "Rioboo De Larriva, Alvaro"]
[Black "Gonzalez De La Torre, Santiago"]
[Result "1-0"]
[WhiteElo "2247"]
[BlackElo "2472"]
[PlyCount "127"]
[EventDate "2013.08.29"]

1. e4 Nf6 2. Nc3 d5 3. e5 Ne4 4. Nxe4 dxe4 5. d4 exd3 6. Qxd3 Qxd3 7. Bxd3 Nc6
8. Bf4 g6 9. Be4 Bg7 10. Nf3 h6 11. O-O-O g5 12. Bg3 O-O 13. Bxc6 bxc6 14. Nd4
c5 15. Nc6 Re8 16. Rd5 c4 17. Rc5 f5 18. f3 f4 19. Be1 Be6 20. h4 Kf7 21. Bc3
Rg8 22. Nd4 Rac8 23. Nxe6 Kxe6 24. hxg5 hxg5 25. Rxc4 c5 26. Ra4 Rh8 27. Rg1
Rc7 28. g3 fxg3 29. Rg4 Rd7 30. R4xg3 Rh2 31. f4 g4 32. Rxg4 Bh6 33. a4 Kf5 34.
Kb1 Bxf4 35. Rg8 Be3 36. Rf1+ Ke6 37. Rg6+ Kd5 38. e6 Rd6 39. Rf7 Bd4 40. Bxd4
cxd4 41. Rxe7 d3 42. Rg5+ Ke4 43. cxd3+ Kf4 44. Rb5 a6 45. Rf7+ Kg4 46. Rb4+
Kg5 47. a5 Rxe6 48. Ra7 Rd2 49. Rb6 Re5 50. Raxa6 Rxd3 51. Rg6+ Kf5 52. Raf6+
Ke4 53. Re6 Rdd5 54. b4 Kd4 55. Rg4+ Kc3 56. Rxe5 Rxe5 57. Ka2 Re1 58. a6 Re6
59. b5 Re2+ 60. Ka3 Re1 61. Rg2 Kc4 62. a7 Re8 63. b6 Re3+ 64. Ka2 1-0

[Event "78th ch-ESP 2013"]
[Site "Linares ESP"]
[Date "2013.09.02"]
[Round "5.11"]
[White "Navarrete Espi, Samuel"]
[Black "Teran Alvarez, Ismael"]
[Result "0-1"]
[WhiteElo "2214"]
[BlackElo "2422"]
[PlyCount "30"]
[EventDate "2013.08.29"]

1. e4 c5 2. Nf3 Nc6 3. d4 cxd4 4. Nxd4 e5 5. Nb5 d6 6. c4 Be7 7. N1c3 a6 8. Na3
Be6 9. Nc2 Nf6 10. Be2 O-O 11. O-O Rc8 12. Nd5 Nxe4 13. Be3 Kh8 14. Qe1 Qe8 15.
Qd1 Kg8 0-1

[Event "78th ch-ESP 2013"]
[Site "Linares ESP"]
[Date "2013.09.02"]
[Round "5.12"]
[White "Silva Rodriguez, Julio"]
[Black "Espinosa Aranda, Angel"]
[Result "0-1"]
[WhiteElo "2198"]
[BlackElo "2392"]
[PlyCount "33"]
[EventDate "2013.08.29"]

1. e4 c5 2. Nf3 Nc6 3. d4 cxd4 4. Nxd4 g6 5. Nc3 Bg7 6. Nb3 d6 7. Be2 Nf6 8.
Be3 O-O 9. O-O Be6 10. f4 Qc8 11. Kh1 Rd8 12. Bd3 Rb8 13. Qe1 Kh8 14. g4 Kg8
15. Rb1 Ra8 16. Rf3 d5 17. exd5 0-1

[Event "78th ch-ESP 2013"]
[Site "Linares ESP"]
[Date "2013.09.02"]
[Round "5.13"]
[White "Astasio Lopez, David"]
[Black "Martinez Lopez, David"]
[Result "1-0"]
[WhiteElo "2392"]
[BlackElo "2238"]
[PlyCount "143"]
[EventDate "2013.08.29"]

1. d4 Nf6 2. Nf3 b6 3. g3 Bb7 4. Bg2 e6 5. O-O Be7 6. c4 O-O 7. Nc3 Ne4 8. Qd3
Nxc3 9. Qxc3 c5 10. Rd1 Bf6 11. Be3 d6 12. Qd2 Qe7 13. g4 g6 14. g5 Bg7 15.
dxc5 dxc5 16. Bf4 e5 17. Bg3 Re8 18. Ne1 Bxg2 19. Nxg2 Nc6 20. h4 Rad8 21. Qc2
e4 22. e3 Nb4 23. Qe2 Nd3 24. Rab1 Be5 25. Qg4 Rd6 26. Nf4 Bxf4 27. Bxf4 Rd7
28. Bg3 Red8 29. Kg2 Rf8 30. h5 gxh5 31. Qxh5 Qe6 32. Rh1 f5 33. Rh4 Rg7 34. b3
Qe7 35. Rbh1 Rff7 36. Bf4 Ne5 37. R4h3 Nd3 38. Qh6 Qd7 39. Rh4 Re7 40. Qh5 Re6
41. R1h3 Reg6 42. Qe2 Qd8 43. Rg3 Rd7 44. Rh6 Rdg7 45. Rh5 Qd7 46. Rgh3 Qe7 47.
Kh2 Nxf4 48. exf4 Qd6 49. Qe3 Rxg5 50. Rxg5 Rxg5 51. Rg3 Qh6+ 52. Kg2 Rxg3+ 53.
fxg3 Qd6 54. Qe2 Qd7 55. Qh5 Kf8 56. Qh6+ Ke8 57. Qf6 Qf7 58. Qc6+ Kd8 59. Qa8+
Ke7 60. Qxa7+ Kf8 61. Qxb6 Qe7 62. Qb8+ Kf7 63. Qh8 Qd6 64. Qxh7+ Ke8 65. Qg8+
Ke7 66. Qd5 Qg6 67. Qxc5+ Kd7 68. Qd5+ Kc7 69. Qd1 Qe6 70. c5 Kc8 71. Qd6 Qg8
72. c6 1-0

[Event "78th ch-ESP 2013"]
[Site "Linares ESP"]
[Date "2013.09.02"]
[Round "5.14"]
[White "Santos Ruiz, Miguel"]
[Black "Alonso Rosell, Alvar"]
[Result "0-1"]
[WhiteElo "2239"]
[BlackElo "2550"]
[PlyCount "58"]
[EventDate "2013.08.29"]

1. e4 c6 2. Nc3 d5 3. Nf3 Nf6 4. e5 Ne4 5. d4 Nxc3 6. bxc3 c5 7. Be3 e6 8. h4
Qa5 9. Bd2 c4 10. h5 h6 11. Nh4 Nc6 12. Rh3 Bd7 13. f4 O-O-O 14. Ke2 Be7 15. g4
Rdg8 16. Ng2 Kb8 17. Ne3 f6 18. Bg2 fxe5 19. fxe5 Rf8 20. Rf3 Rxf3 21. Bxf3 Rf8
22. Ng2 Be8 23. Nf4 Rxf4 24. Bxf4 Qxc3 25. Be3 Bg5 26. Bxg5 Nxd4+ 27. Kf2 hxg5
28. Rc1 Nxf3 29. Qxf3 Qd2+ 0-1

[Event "78th ch-ESP 2013"]
[Site "Linares ESP"]
[Date "2013.09.02"]
[Round "5.15"]
[White "Almagro Llamas, Pablo"]
[Black "Shen, Yue"]
[Result "1-0"]
[WhiteElo "2474"]
[BlackElo "2283"]
[PlyCount "111"]
[EventDate "2013.08.29"]

1. Nf3 Nf6 2. g3 d5 3. Bg2 e6 4. O-O Nbd7 5. d3 Be7 6. Nbd2 O-O 7. e4 dxe4 8.
dxe4 e5 9. b3 c6 10. Bb2 Qc7 11. Qe2 b6 12. Nc4 Ba6 13. Rfd1 Rfe8 14. Bf1 Bc5
15. Bc3 b5 16. Ba5 Qb8 17. Nb2 Bb6 18. Bxb6 Qxb6 19. b4 c5 20. a4 Bb7 21. axb5
cxb4 22. Nc4 Qxb5 23. Ng5 Re7 24. Qe1 Nb6 25. Ra5 Qc6 26. Qxb4 Nxc4 27. Bxc4
Rc7 28. Bb3 h6 29. Rd6 Qc3 30. Bxf7+ Kh8 31. Qxc3 Rxc3 32. Rxa7 hxg5 33. Rxb7
Rxc2 34. Bg6 g4 35. Re6 Rf8 36. Rxe5 Ng8 37. Rf5 Ra8 38. Kg2 Nh6 39. Rfb5 Rf8
40. Bf5 Nxf5 41. Rxf5 Rxf5 42. exf5 Rc5 43. Rb4 Rxf5 44. Rxg4 Kh7 45. Ra4 Rb5
46. Ra6 Rb3 47. h4 Rb2 48. g4 Rc2 49. Kg3 Rb2 50. h5 Rc2 51. Ra7 Rc3+ 52. f3
Rc4 53. g5 Kg8 54. f4 Rb4 55. Kg4 Rb5 56. g6 1-0

[Event "78th ch-ESP 2013"]
[Site "Linares ESP"]
[Date "2013.09.02"]
[Round "5.16"]
[White "Suarez Garcia, Carlos"]
[Black "Ruiz Sanchez, Andres"]
[Result "1-0"]
[WhiteElo "2321"]
[BlackElo "2191"]
[PlyCount "51"]
[EventDate "2013.08.29"]

1. d4 d5 2. c4 e6 3. Nf3 c6 4. Nc3 f5 5. Bf4 Nf6 6. e3 Bb4 7. Bd3 dxc4 8. Bxc4
Nd5 9. Qb3 Bxc3+ 10. bxc3 Nxf4 11. exf4 Qd6 12. O-O b5 13. Bd3 Qxf4 14. a4 bxa4
15. Rxa4 O-O 16. Bc4 Re8 17. Re1 Qh6 18. Ra5 Nd7 19. Rxf5 Nf8 20. Ne5 Qd2 21.
Rd1 Qh6 22. g3 Nd7 23. Nf7 Qh3 24. Nd6 Rb8 25. Bxe6+ Kh8 26. Nf7+ 1-0

[Event "78th ch-ESP 2013"]
[Site "Linares ESP"]
[Date "2013.09.02"]
[Round "5.17"]
[White "Sanchez Aller, Fernando"]
[Black "Barrenechea Bahamonde, Gustavo"]
[Result "1-0"]
[WhiteElo "2320"]
[BlackElo "2183"]
[PlyCount "73"]
[EventDate "2013.08.29"]

1. e4 Nf6 2. e5 Nd5 3. d4 d6 4. Nf3 Nb6 5. Be2 g6 6. O-O Bg7 7. h3 O-O 8. Nc3
Nc6 9. Bf4 Bf5 10. Bd3 Nxd4 11. exd6 Nxf3+ 12. Qxf3 Bxd3 13. dxc7 Qc8 14. Qxd3
e5 15. Bg5 Qxc7 16. a4 Rac8 17. a5 Nc4 18. Nd5 Nxb2 19. Qb5 Qc5 20. Ne7+ Kh8
21. Qxb2 Rc7 22. c4 h6 23. Nd5 hxg5 24. Nxc7 Qxc7 25. Rab1 e4 26. Qxb7 Qf4 27.
Qxa7 Be5 28. g3 Qf5 29. Qe3 Kg7 30. Rfe1 Bf6 31. Qxe4 Qxa5 32. Qd5 Qa2 33. Rb7
Qc2 34. Re8 Qf5 35. Qxf5 gxf5 36. Rxf8 Kxf8 37. Rb5 1-0

[Event "78th ch-ESP 2013"]
[Site "Linares ESP"]
[Date "2013.09.02"]
[Round "5.18"]
[White "Larino Nieto, David"]
[Black "Romero Berruezo, Francisco"]
[Result "0-1"]
[WhiteElo "2491"]
[BlackElo "2154"]
[PlyCount "78"]
[EventDate "2013.08.29"]

1. b3 e5 2. Bb2 Nc6 3. e3 d6 4. Bb5 g6 5. f4 Bg7 6. Nf3 Nge7 7. fxe5 O-O 8.
Bxc6 Nxc6 9. d4 dxe5 10. d5 Nb4 11. e4 f5 12. Ba3 fxe4 13. Bxb4 Rxf3 14. gxf3
Qh4+ 15. Kd2 e3+ 16. Kc1 Qxb4 17. c3 Qf4 18. Kb2 e4 19. fxe4 Bg4 20. Qc2 b5 21.
a4 b4 22. a5 Re8 23. Ra4 Rxe4 24. Ka2 Qe5 25. Na3 Bf5 26. Qe2 bxa3 27. Rxe4
Bxe4 28. Rc1 Bxd5 29. Kxa3 Be6 30. Kb2 h5 31. a6 Kh7 32. Qd3 Bf5 33. Qc4 Qxh2+
34. Ka3 Qd2 35. Rh1 e2 36. Qxc7 e1=Q 37. Rxe1 Qxe1 38. Qxa7 Qxc3 39. Qb6 Bf8+
0-1

[Event "78th ch-ESP 2013"]
[Site "Linares ESP"]
[Date "2013.09.02"]
[Round "5.19"]
[White "Recuero Guerra, David"]
[Black "Arboledas Fernandez, Antonio A"]
[Result "1-0"]
[WhiteElo "2454"]
[BlackElo "2149"]
[PlyCount "65"]
[EventDate "2013.08.29"]

1. d4 e6 2. Nf3 d5 3. c4 c6 4. e3 Bd6 5. Bd3 f5 6. O-O Nf6 7. b3 Qe7 8. Bb2 O-O
9. Qc1 Ne4 10. Ba3 Nd7 11. Bxd6 Nxd6 12. Qa3 b6 13. Ne5 Bb7 14. Nd2 Nxe5 15.
dxe5 Nc8 16. Qxe7 Nxe7 17. c5 Kf7 18. Rac1 h6 19. Nf3 Ke8 20. Nd4 Kd7 21. f4 b5
22. Kf2 g5 23. h3 a6 24. Be2 a5 25. a3 Ba6 26. Rg1 Bb7 27. g4 Rg8 28. Bd3 Raf8
29. gxf5 Nxf5 30. Bxf5 exf5 31. Rg3 gxf4 32. exf4 Rxg3 33. Kxg3 1-0

[Event "78th ch-ESP 2013"]
[Site "Linares ESP"]
[Date "2013.09.02"]
[Round "5.20"]
[White "Alvarez Fernandez, Enrique"]
[Black "Vega Gutierrez, Belinda"]
[Result "1-0"]
[WhiteElo "2385"]
[BlackElo "2148"]
[PlyCount "79"]
[EventDate "2013.08.29"]

1. d4 d5 2. Nf3 Nf6 3. Bf4 Bf5 4. c4 c6 5. e3 e6 6. Nc3 Be7 7. Qb3 Qc8 8. h3
O-O 9. Be2 Ne4 10. O-O Nd7 11. Rfc1 Nxc3 12. bxc3 dxc4 13. Bxc4 Rd8 14. e4 Bg6
15. Re1 Nb6 16. Bf1 c5 17. a4 Nd7 18. a5 Nf6 19. Bg5 Qc7 20. d5 exd5 21. exd5
Nxd5 22. Bc4 Bxg5 23. Nxg5 Nf6 24. Nf3 Bd3 25. Ne5 Bxc4 26. Qxc4 Re8 27. f4
Rad8 28. Ra2 h6 29. Rb2 b6 30. Reb1 Re6 31. axb6 axb6 32. Ra1 Nd7 33. Nxf7 Kxf7
34. f5 Qe5 35. fxe6+ Qxe6 36. Rf2+ Ke7 37. Re2 Ne5 38. Qxe6+ Kxe6 39. Rae1 Rd5
40. c4 1-0

[Event "78th ch-ESP 2013"]
[Site "Linares ESP"]
[Date "2013.09.02"]
[Round "5.21"]
[White "Vella Ramirez, Alfonso"]
[Black "Chueca Forcen, Alberto"]
[Result "0-1"]
[WhiteElo "2087"]
[BlackElo "2313"]
[PlyCount "40"]
[EventDate "2013.08.29"]

1. f4 g6 2. Nf3 d5 3. e3 Bg7 4. Be2 Nf6 5. O-O O-O 6. d3 b6 7. Qe1 c5 8. Ne5
Bb7 9. b3 Nfd7 10. Bb2 Nxe5 11. Bxe5 Bxe5 12. fxe5 Nc6 13. Qg3 Qb8 14. e6 fxe6
15. Rxf8+ Kxf8 16. Qh3 Qe5 17. c3 Kg7 18. Bg4 Rf8 19. d4 cxd4 20. exd4 Qe1# 0-1

[Event "78th ch-ESP 2013"]
[Site "Linares ESP"]
[Date "2013.09.02"]
[Round "5.22"]
[White "Lopez Mulet, Inigo"]
[Black "Andres Gonzalez, Ivan"]
[Result "0-1"]
[WhiteElo "2120"]
[BlackElo "2311"]
[PlyCount "85"]
[EventDate "2013.08.29"]

1. d4 d5 2. c4 e6 3. Nf3 Nf6 4. g3 dxc4 5. Bg2 Bd7 6. Ne5 Bc6 7. Nxc6 Nxc6 8.
Qa4 Bb4+ 9. Bd2 Nd5 10. Bxb4 Ndxb4 11. a3 b5 12. Qxb5 Nc2+ 13. Kf1 Nxa1 14.
Bxc6+ Kf8 15. Bxa8 Qxa8 16. f3 Nb3 17. Kf2 h5 18. Nc3 h4 19. g4 Kg8 20. Qxc4
Qb7 21. Qb5 Qb6 22. e3 Kh7 23. Qh5+ Kg8 24. Qb5 Kh7 25. Qxb6 axb6 26. Rd1 c6
27. Rd3 Na5 28. Ne4 Nc4 29. Rb3 Rd8 30. Rb4 b5 31. Ng5+ Kg6 32. f4 e5 33. Nf3
exd4 34. exd4 Kf6 35. a4 Nd6 36. axb5 cxb5 37. Nxh4 g5 38. Ng2 Rh8 39. fxg5+
Kxg5 40. Kg3 Ne4+ 41. Kf3 Nd2+ 42. Ke3 Nc4+ 43. Kd3 0-1

[Event "78th ch-ESP 2013"]
[Site "Linares ESP"]
[Date "2013.09.02"]
[Round "5.23"]
[White "De Prado Rodriguez, Oscar Bruno"]
[Black "Nicolas Zapata, Javier"]
[Result "1-0"]
[WhiteElo "2251"]
[BlackElo "2084"]
[PlyCount "53"]
[EventDate "2013.08.29"]

1. d4 Nf6 2. Bf4 g6 3. e3 Bg7 4. Nf3 O-O 5. Be2 d6 6. h3 Nfd7 7. O-O Nc6 8. Nc3
e5 9. dxe5 Ndxe5 10. Qd2 Be6 11. Nd4 Nxd4 12. exd4 Nc4 13. Qd3 Nxb2 14. Qb5
Bxd4 15. Qxb2 Qf6 16. Bd2 b5 17. a3 c5 18. Rab1 b4 19. axb4 cxb4 20. Qxb4 Qe5
21. Bd3 a5 22. Qa3 Bxh3 23. Ne2 Bc5 24. Qa4 Be6 25. Qh4 Bf5 26. Bc3 Bc8 27. Ra1
1-0

[Event "78th ch-ESP 2013"]
[Site "Linares ESP"]
[Date "2013.09.02"]
[Round "5.24"]
[White "Aranaz Murillo, Amalia"]
[Black "Perera Borrego, Mariela"]
[Result "0-1"]
[WhiteElo "2246"]
[BlackElo "2062"]
[PlyCount "68"]
[EventDate "2013.08.29"]

1. Nf3 d6 2. d4 Bg4 3. c4 Bxf3 4. exf3 Nd7 5. Nc3 Ngf6 6. Be3 g6 7. Qd2 Bg7 8.
g4 Nb6 9. Be2 Qd7 10. a4 d5 11. b3 dxc4 12. bxc4 O-O 13. a5 Nc8 14. h3 e6 15.
O-O Rd8 16. Rfd1 Ne7 17. f4 c5 18. dxc5 Qxd2 19. Bxd2 Nd7 20. Rab1 Nxc5 21. Be3
Bxc3 22. Rxd8+ Rxd8 23. Bxc5 Nc6 24. Rxb7 Nxa5 25. Rc7 a6 26. Be3 Nb3 27. c5 a5
28. Rb7 a4 29. c6 Na5 30. Bb6 Nxb7 31. Bxd8 Nd6 32. Be7 a3 33. Bc4 Nxc4 34.
Bxa3 Ba5 0-1

[Event "78th ch-ESP 2013"]
[Site "Linares ESP"]
[Date "2013.09.02"]
[Round "5.25"]
[White "Jimenez De La Torre, Jose A"]
[Black "Quintin Navarro, Alberto"]
[Result "1/2-1/2"]
[WhiteElo "2038"]
[BlackElo "2241"]
[PlyCount "60"]
[EventDate "2013.08.29"]

1. e4 c5 2. Nf3 g6 3. c4 Bg7 4. d4 cxd4 5. Nxd4 Nc6 6. Be3 Nf6 7. Nc3 O-O 8.
Be2 d6 9. O-O Bd7 10. f4 Nxd4 11. Bxd4 Bc6 12. f5 Nd7 13. Bxg7 Kxg7 14. Qd4+
Kg8 15. b4 b6 16. Rf2 a5 17. b5 Bb7 18. Raf1 Qc7 19. Qd2 Qc5 20. Kh1 Qe5 21.
Nd5 Bc6 22. fxg6 hxg6 23. Bg4 f5 24. Qg5 Qg7 25. Be2 Rf7 26. g4 fxg4 27. Rxf7
Qxf7 28. Bxg4 Nc5 29. Be6 Nxe6 30. Rf2 Bd7 1/2-1/2

[Event "78th ch-ESP 2013"]
[Site "Linares ESP"]
[Date "2013.09.02"]
[Round "5.28"]
[White "Gavilan Diaz, Mario"]
[Black "Redondo Benavente, Jose Carlos"]
[Result "1-0"]
[WhiteElo "2225"]
[BlackElo "1789"]
[PlyCount "93"]
[EventDate "2013.08.29"]

1. e4 e5 2. Nf3 Nc6 3. Bb5 Nge7 4. Nc3 d6 5. d4 exd4 6. Nxd4 Bd7 7. Bc4 g6 8.
Bg5 Bg7 9. Nxc6 Bxc6 10. Qd2 Qd7 11. O-O-O f6 12. Qd4 Qg4 13. Be3 b6 14. f4
O-O-O 15. h3 Qd7 16. g4 Kb8 17. f5 Bb7 18. Be6 Qc6 19. Rhf1 Rhf8 20. h4 Qc5 21.
Qd2 Qa5 22. h5 Rh8 23. h6 Bf8 24. Bd4 Ng8 25. Bxg8 Rxg8 26. Bxf6 Re8 27. Rde1
Ba6 28. Rh1 Bc4 29. a3 Bf7 30. Bd4 gxf5 31. gxf5 Be7 32. Reg1 Qa6 33. Rg7 Rxg7
34. hxg7 c5 35. Bf6 b5 36. Bxe7 Rxe7 37. Nxb5 Qxb5 38. Qxd6+ Rc7 39. Qf8+ Kb7
40. Qxf7 Rxf7 41. g8=Q Rd7 42. Qb3 Qxb3 43. cxb3 Re7 44. Rh4 Kc6 45. Kd2 Kd6
46. Ke3 Rb7 47. Rh6+ 1-0

[Event "78th ch-ESP 2013"]
[Site "Linares ESP"]
[Date "2013.09.02"]
[Round "5.29"]
[White "Gimenez Jimenez, Jesus"]
[Black "Ruiz Sanchez, Miguel Angel"]
[Result "0-1"]
[WhiteElo "2007"]
[BlackElo "2221"]
[PlyCount "68"]
[EventDate "2013.08.29"]

1. e4 e6 2. d4 d5 3. Nc3 Bb4 4. e5 c5 5. a3 Bxc3+ 6. bxc3 Qa5 7. Bd2 Qa4 8. Qg4
Kf8 9. Nf3 Ne7 10. Bd3 h6 11. O-O c4 12. Be2 Qxc2 13. Rae1 Bd7 14. Bd1 Qb2 15.
h4 b5 16. Qf4 Nbc6 17. g4 Na5 18. Bc1 Qxc3 19. Bd2 Qxa3 20. Re3 Qa2 21. Bb4
Nac6 22. Bd6 b4 23. g5 Ke8 24. Re2 Qa6 25. Bc2 b3 26. g6 fxg6 27. Bxg6+ Nxg6
28. Qg4 Nge7 29. Kh2 c3 30. Ree1 Qd3 31. Rg1 g6 32. Re3 Qc2 33. Rf1 b2 34. Ree1
Qf5 0-1

[Event "78th ch-ESP 2013"]
[Site "Linares ESP"]
[Date "2013.09.03"]
[Round "6.1"]
[White "Ibarra Jerez, Jose Carlos"]
[Black "Lopez Martinez, Josep Manuel"]
[Result "1/2-1/2"]
[WhiteElo "2538"]
[BlackElo "2547"]
[PlyCount "45"]
[EventDate "2013.08.29"]

1. e4 c5 2. Nf3 e6 3. d4 cxd4 4. Nxd4 a6 5. c4 Nf6 6. Nc3 Bb4 7. Nc2 Bxc3+ 8.
bxc3 Qa5 9. Qd3 Nc6 10. Be2 Qe5 11. f3 d5 12. exd5 exd5 13. Ne3 O-O 14. cxd5
Nb4 15. Qd4 Qxd4 16. cxd4 Nbxd5 17. Nxd5 Nxd5 18. Bd2 Rd8 19. Kf2 Nf6 20. Be3
Nd5 21. Bd2 Nf6 22. Be3 Nd5 23. Bd2 1/2-1/2

[Event "78th ch-ESP 2013"]
[Site "Linares ESP"]
[Date "2013.09.03"]
[Round "6.2"]
[White "Korneev, Oleg"]
[Black "Castellanos Rodriguez, Renier"]
[Result "1/2-1/2"]
[WhiteElo "2625"]
[BlackElo "2510"]
[PlyCount "165"]
[EventDate "2013.08.29"]

1. e4 c5 2. Nf3 e6 3. d4 cxd4 4. Nxd4 a6 5. Bd3 Bc5 6. Nb3 Be7 7. Qg4 g6 8. Qe2
d6 9. O-O Nc6 10. a4 Ne5 11. a5 Nf6 12. Bh6 Nfg4 13. Bg7 Rg8 14. Bxe5 Nxe5 15.
f4 Nd7 16. Nc3 b5 17. axb6 Qxb6+ 18. Kh1 Kf8 19. Nd1 Kg7 20. Ne3 Re8 21. Ra2
Bb7 22. Na5 Nc5 23. Nec4 Qc7 24. b4 Nxd3 25. cxd3 d5 26. Ne5 Rac8 27. Nxb7 Qxb7
28. Rfa1 Bf6 29. h3 Qxb4 30. Rxa6 dxe4 31. dxe4 Bxe5 32. fxe5 Qc3 33. Ra7 Rc7
34. R7a5 Rc5 35. Rxc5 Qxc5 36. Qf3 Qxe5 37. Ra7 Qf6 38. Qxf6+ Kxf6 39. e5+ Kg7
40. Ra2 Rd8 41. g4 Rd3 42. Kg2 Re3 43. Ra5 h5 44. gxh5 gxh5 45. h4 Kg6 46. Kf2
Re4 47. Kg3 Rg4+ 48. Kh3 Re4 49. Kg3 Kf5 50. Ra7 Re3+ 51. Kh2 Rxe5 52. Rxf7+
Kg4 53. Rg7+ Kxh4 54. Rg6 Re4 55. Rg8 e5 56. Re8 Re2+ 57. Kg1 Re4 58. Kh2 Kg4
59. Kg2 Kf4 60. Rh8 Re2+ 61. Kg1 Kg3 62. Rg8+ Kh3 63. Kf1 Re4 64. Rg5 Kh4 65.
Rg8 Rg4 66. Rh8 Rg5 67. Kf2 Kg4 68. Kg2 Kf4+ 69. Kf2 Rf5 70. Rh7 e4 71. Ke2 Rg5
72. Kf2 e3+ 73. Kf1 Re5 74. Ke2 Kg3 75. Rg7+ Kh3 76. Rg8 h4 77. Rg1 Kh2 78. Rg4
h3 79. Rg8 Kh1 80. Rg3 h2 81. Rg8 Rf5 82. Kxe3 Rf1 83. Ra8 1/2-1/2

[Event "78th ch-ESP 2013"]
[Site "Linares ESP"]
[Date "2013.09.03"]
[Round "6.4"]
[White "Illescas Cordoba, Miguel"]
[Black "Astasio Lopez, David"]
[Result "1-0"]
[WhiteElo "2608"]
[BlackElo "2392"]
[PlyCount "20"]
[EventDate "2013.08.29"]

1. e4 c6 2. Nf3 e6 3. d4 Qc7 4. g3 a6 5. Bg2 Ne7 6. Be3 b6 7. h4 d6 8. h5 g6 9.
O-O g5 10. Bh3 Bb7 1-0

[Event "78th ch-ESP 2013"]
[Site "Linares ESP"]
[Date "2013.09.03"]
[Round "6.7"]
[White "Teran Alvarez, Ismael"]
[Black "Rioboo De Larriva, Alvaro"]
[Result "0-1"]
[WhiteElo "2422"]
[BlackElo "2247"]
[PlyCount "160"]
[EventDate "2013.08.29"]

1. e4 e6 2. d4 c5 3. Nf3 d5 4. exd5 Qxd5 5. Nc3 Qd8 6. Be3 cxd4 7. Nxd4 a6 8.
g3 Nf6 9. Bg2 Bb4 10. O-O O-O 11. Qe2 e5 12. Nb3 Bxc3 13. bxc3 Qc7 14. Rab1 Bg4
15. Qe1 Nbd7 16. Qc1 Rac8 17. Qa3 Bf5 18. Na5 Qxc3 19. Rb3 Qxc2 20. Nxb7 Be6
21. Rb2 Qg6 22. Nc5 Nxc5 23. Bxc5 Rfe8 24. Re1 Bd5 25. Rbe2 Bxg2 26. Kxg2 e4
27. Bd4 Nd5 28. Be3 h5 29. h4 Kh7 30. Qb3 Qf5 31. Rd2 Rcd8 32. Kg1 Nxe3 33.
Rxd8 Rxd8 34. Qxe3 Re8 35. Rc1 Re6 36. Rc5 Re5 37. Rc1 Kg6 38. Kg2 f6 39. Rc4
Qe6 40. Rc2 Rb5 41. Re2 Rb4 42. Qf4 Qf5 43. Qe3 a5 44. Rc2 a4 45. Rc5 Qg4 46.
Ra5 Rc4 47. Ra7 Qf3+ 48. Qxf3 exf3+ 49. Kxf3 Rc3+ 50. Kg2 Ra3 51. Kg1 Rxa2 52.
Kg2 Kh6 53. Kf3 g5 54. hxg5+ Kxg5 55. Ra5+ f5 56. Ra8 Ra3+ 57. Kg2 Ra2 58. Ra6
f4 59. Ra5+ Kg4 60. gxf4 h4 61. Rg5+ Kxf4 62. Ra5 Ra3 63. Ra8 h3+ 64. Kh2 Ke4
65. f3+ Kxf3 66. Kxh3 Ra1 67. Kh2 a3 68. Ra7 Ra2+ 69. Kh3 Ra1 70. Kh2 Kf2 71.
Ra8 Kf3 72. Ra7 Ke3 73. Kg2 Ra2+ 74. Kg3 Kd4 75. Kf3 Kc4 76. Ke3 Rh2 77. Rc7+
Kb3 78. Rb7+ Kc2 79. Rc7+ Kb1 80. Kd4 Rh8 0-1

[Event "78th ch-ESP 2013"]
[Site "Linares ESP"]
[Date "2013.09.03"]
[Round "6.8"]
[White "Vega Gutierrez, Sabrina"]
[Black "Perez Candelario, Manuel"]
[Result "0-1"]
[WhiteElo "2402"]
[BlackElo "2569"]
[PlyCount "70"]
[EventDate "2013.08.29"]

1. e4 c5 2. Nf3 e6 3. d4 cxd4 4. Nxd4 a6 5. f4 b5 6. Bd3 Bb7 7. Be3 Nf6 8. Nd2
d6 9. g4 e5 10. fxe5 dxe5 11. Nf5 h5 12. gxh5 Nxh5 13. Qf3 g6 14. Ng3 Nf4 15.
Bxf4 exf4 16. Qxf4 Nd7 17. a4 Rh4 18. Qe3 Bc5 19. Qe2 Qa5 20. c3 b4 21. Nc4 Qc7
22. Rf1 bxc3 23. bxc3 Ne5 24. Rb1 Bc6 25. Bc2 Bd7 26. Nxe5 Qxe5 27. Qf3 Be6 28.
Ne2 Rxh2 29. Bd3 g5 30. Qf6 Rxe2+ 31. Bxe2 Qg3+ 32. Kd1 Rd8+ 33. Kc2 Qe3 34.
Qh8+ Bf8 35. Rbe1 Qd2+ 0-1

[Event "78th ch-ESP 2013"]
[Site "Linares ESP"]
[Date "2013.09.03"]
[Round "6.9"]
[White "Alonso Rosell, Alvar"]
[Black "Sanchez Aller, Fernando"]
[Result "1-0"]
[WhiteElo "2550"]
[BlackElo "2320"]
[PlyCount "71"]
[EventDate "2013.08.29"]

1. d4 Nf6 2. c4 c5 3. d5 b5 4. Qc2 b4 5. e4 d6 6. Nf3 g6 7. Bd3 Bg7 8. O-O O-O
9. h3 e5 10. a3 Na6 11. Qe2 Nh5 12. Bc2 f5 13. exf5 gxf5 14. Ng5 Qe8 15. Ne6
Bxe6 16. dxe6 b3 17. Bxb3 Nf6 18. Nc3 Nc7 19. Ba4 Qxe6 20. b4 Qf7 21. Rd1 Rad8
22. Nb5 Ne4 23. Nxc7 Nc3 24. Qc2 e4 25. Ne8 Rfxe8 26. Bxe8 Qxc4 27. Bh5 d5 28.
Bg5 Rc8 29. Re1 d4 30. bxc5 Rxc5 31. Rab1 Nxb1 32. Qxc4+ Rxc4 33. Rxb1 Rc8 34.
Rb5 d3 35. Rxf5 Bc3 36. Rd5 1-0

[Event "78th ch-ESP 2013"]
[Site "Linares ESP"]
[Date "2013.09.03"]
[Round "6.11"]
[White "Narciso Dublan, Marc"]
[Black "De Prado Rodriguez, Oscar Bruno"]
[Result "1-0"]
[WhiteElo "2505"]
[BlackElo "2251"]
[PlyCount "74"]
[EventDate "2013.08.29"]

1. d4 f5 2. c4 Nf6 3. Nc3 e6 4. Nf3 Bb4 5. Bd2 b6 6. g3 Bb7 7. Bg2 O-O 8. O-O
d6 9. Ng5 Bxg2 10. Kxg2 Qc8 11. d5 e5 12. Qc2 h6 13. Ne6 Rf7 14. f4 Bxc3 15.
Bxc3 e4 16. Nd4 a6 17. Qd2 c6 18. Nc2 b5 19. Ne3 Raa7 20. Rac1 c5 21. b4 Ne8
22. a4 bxc4 23. bxc5 dxc5 24. Nxc4 Nd7 25. Ne5 Nb6 26. a5 Nd7 27. Nxf7 Kxf7 28.
d6 Qc6 29. Qa2+ Kf8 30. Rfd1 c4 31. Bd4 Ra8 32. Qxc4 Qb7 33. Qe6 Qb5 34. Rd2
Nef6 35. Bxf6 gxf6 36. Rc7 e3 37. Rdc2 Nb8 1-0